[Event "RUS-chT Premier League 2018"]
[Site "Sochi"]
[Date "2018.05.09"]
[Round "8"]
[White "Popov, Valerij"]
[Black "Lomasov, Semen"]
[Result "0-1"]
[WhiteElo "2528"]
[BlackElo "2559"]
[Annotator "TA"]
[PlyCount "80"]
[EventDate "2018.??.??"]
[EventCountry "RUS"]
[SourceTitle "playchess.com"]
[Source "ChessBase"]
[SourceQuality "1"]

{[%evp 23,80,21,19,-53,31,20,18,22,7,14,34,32,31,18,20,-23,-7,-31,-22,-50,-62,-66,-26,-138,-101,-96,-95,-97,-24,-112,-89,-228,-254,-230,-225,-220,-241,-247,-211,-431,-428,-423,-424,-397,-369,-571,-571,-569,-568,-568,-554,-579,-560,-550,-410,-421,-411,-408,-400]} 1. Nf3 Nf6 2. c4 c5 3. Nc3 Nc6 4. g3 g6 5. d4 cxd4 6. Nxd4 Bg7 7. Bg2 O-O 8. O-O Qa5 9. Nc2 d6 10. Bd2 Qh5 11. e4 {A38: Symmetrical English vs ...g6: 4 Bg2 Bg7 5 Nf3 Nf6} Ng4 12. h3 Nge5 {LiveBook: 12 Games} 13. b3 (13. Qxh5 $11 gxh5 14. b3) (13. Qxh5 gxh5 14. Ne3 Bxh3 15. f4 Bxg2 16. Kxg2 Ng4 17. Nf5 Bxc3 18. Bxc3 e6 19. Nxd6 {½-½ (33) Gledura,B (2613)-Markus,R (2617) Budapest 2017}) 13... Bxh3 ({Better is} 13... Qxd1 $1 $15 14. Raxd1 Bxh3) 14. Qxh5 $14 gxh5 15. f4 Bxg2 16. Kxg2 Ng4 17. Rh1 a6 $146 ({Predecessor:} 17... Nf6 18. Kf3 a6 {½-½ (33) Siikaluoma,A (2271)-Walczak,P (2169) ICCF email 2006}) 18. Rxh5 Nf6 19. Rh4 b5 $1 $36 {[%mdl 2048] Black has good play.} 20. Rah1 bxc4 21. b4 Rfd8 22. Ne3 Nxb4 23. a3 (23. Nf5 $11) 23... Nc6 24. g4 Rab8 25. g5 Ne8 ({Black should play} 25... Nd7 $17 {Threatens to win with ...Rb2.} 26. Nxc4 Rb3 27. Rxh7 Nc5) 26. Nxc4 (26. Rxh7 $11 {keeps the balance.} Rb2 27. Nxc4) 26... e6 {[%cal Be7e6,Be6d5][%mdl 32]} 27. Rxh7 (27. Nd1 $17) 27... d5 $19 28. exd5 exd5 29. Ne3 {[#] Hoping for Nf5.} Rb2 $1 {[%cal Rb2d2]} 30. Nb1 Rdb8 31. f5 $2 (31. Nxd5 Rxb1 32. Rxb1 Rxb1 33. Rh3) 31... Rxb1 32. f6 Rxh1 33. Rxh1 Rb2 34. Rc1 (34. Rd1 {was the only defense.} Bf8 35. Nxd5) 34... Rxd2+ 35. Kf1 Na7 36. fxg7 Kxg7 37. Rc5 Nb5 38. Nxd5 Nxa3 39. Ne3 Nd6 40. Rc6 Nab5 {Precision: White = 29%, Black = 67%.} 0-1

[Event "RUS-chT Premier League 2018"]
[Site "Sochi"]
[Date "2018.05.09"]
[Round "8"]
[White "Tsydypov, Zhamsaran"]
[Black "Matlakov, Maxim"]
[Result "0-1"]
[WhiteElo "2525"]
[BlackElo "2704"]
[Annotator "TA"]
[PlyCount "62"]
[EventDate "2018.??.??"]
[EventCountry "RUS"]
[SourceTitle "playchess.com"]
[Source "ChessBase"]
[SourceQuality "1"]

{[%evp 17,62,20,17,18,23,10,0,5,17,0,0,-106,-41,-43,-45,-154,-127,-145,-147,-144,-145,-196,-175,-170,-168,-177,-164,-175,-165,-272,-276,-260,-211,-543,-534,-540,-501,-488,-475,-460,-431,-498,-480,-476,-435,-475,-475]} 1. e4 e5 2. Bc4 Nf6 3. d3 Nc6 4. Nf3 Bc5 5. c3 O-O 6. a4 {C54: Giuoco Piano: 4 c3 Nf6, main lines with 5 d4 and 5 d3} (6. O-O d5 7. exd5 Nxd5 8. a4 Bf5 9. Re1 Nb6 10. Bb5 Ne7 11. a5 c6 12. axb6 cxb5 13. Be3 axb6 14. Rxa8 Qxa8 15. Bxc5 bxc5 16. Rxe5 {½-½ (27) Mamedyarov,S (2804)-Kramnik,V (2787) Wijk aan Zee 2018}) 6... a5 7. Bg5 h6 8. Bh4 Be7 9. Nbd2 {[%cal Bb1d2,Bd2f1,Bf1e3][%mdl 32]} d6 {LiveBook: 8 Games} 10. Nf1 Nh5 $146 ({Predecessor:} 10... Be6 11. Ne3 Bxc4 12. Nxc4 d5 13. Bxf6 Bxf6 14. Ne3 Ne7 15. O-O c6 16. Qb3 Qd7 17. Rad1 {½-½ (17) Bjerre,J (2354)-Antonsen,M (2428) Horsens 2017}) 11. Bxe7 Qxe7 12. Ne3 Be6 13. Qb3 Nf4 {Hoping for ...Nxd3+!} 14. Qxb7 (14. O-O $11 {remains equal.}) 14... Rab8 ({Black should play} 14... Bxc4 $17 15. dxc4 Qd7) 15. Qxc6 $15 {Black must now prevent Qa6.} Rb6 $36 {[%mdl 2048] White is under pressure.} 16. Qb5 (16. Qxb6 $1 $15 cxb6 17. g3 Bxc4 18. dxc4) 16... Rxb5 $17 17. axb5 f5 $1 18. exf5 {[#]} d5 $1 {[%cal Rd5c4]} 19. Ba2 (19. fxe6 $17 {was worth a try.} dxc4 20. Nxe5) 19... Nxd3+ 20. Kd2 {[#]} Bf7 $1 ({Worse is} 20... Nxf2 21. fxe6 Rd8 22. Rhf1 $16 (22. Nxe5 Ne4+ 23. Kd1 Qxe6 $18)) 21. Kxd3 {And now Kc2 would win.} e4+ 22. Kc2 {aiming for Nd4.} exf3 23. gxf3 (23. g3 {might work better.}) 23... Qh4 $19 24. Rhf1 Qa4+ ({Less strong is} 24... Qxh2 25. Rad1 $17) 25. Bb3 $2 (25. Kc1) 25... Qxb5 {Black is clearly winning.} 26. Ba4 Qe2+ 27. Kc1 Rb8 28. Bc2 Qb5 29. Kd2 d4 30. cxd4 Qxb2 31. Ra4 {White wants to play Rb1.} Rb4 {Precision: White = 46%, Black = 76%.} 0-1

[Event "RUS-chT Premier League 2018"]
[Site "Sochi"]
[Date "2018.05.09"]
[Round "8"]
[White "Iljiushenok, Ilia"]
[Black "Gutenev, Alexander"]
[Result "1-0"]
[WhiteElo "2516"]
[BlackElo "2474"]
[Annotator "TA"]
[PlyCount "61"]
[EventDate "2018.??.??"]
[EventCountry "RUS"]
[SourceTitle "playchess.com"]
[Source "ChessBase"]
[SourceQuality "1"]

{[%evp 26,61,54,75,65,59,68,61,73,64,60,64,160,125,136,129,116,100,455,257,256,253,355,335,320,337,567,568,1743,1720,6406,5385,29976,29976,29976,29974,29989,29990]} 1. e4 c5 2. Nf3 Nc6 3. d4 cxd4 4. Nxd4 Nf6 5. Nc3 d6 6. Bg5 e6 7. Qd2 Be7 8. O-O-O O-O 9. f4 Nxd4 10. Qxd4 Qa5 11. Kb1 Rd8 12. h4 {B65: Sicilian: Richter-Rauzer: 7...Be7 8 0-0-0 0-0 9 f4 Nxd4} h6 (12... Bd7 13. Bd3 Bc6 14. Qe3 Kf8 15. e5 Ng4 16. Qg3 h5 17. Be2 dxe5 18. Bxe7+ Kxe7 19. Bxg4 hxg4 20. fxe5 Rxd1+ 21. Rxd1 {1-0 (46) Almasi,Z (2704)-Jobava,B (2696) Reggio Emilia 2009}) 13. Qe3 Kf8 14. Bd3 {LiveBook: 6 Games. White is slightly better.} Bd7 15. e5 dxe5 (15... hxg5 16. hxg5 Ng8 17. Qh3 $16) 16. fxe5 Ng4 $146 (16... hxg5 17. hxg5 Ng8 18. Rdf1) ({Predecessor:} 16... hxg5 17. hxg5 Ng8 18. Rh8 Bc5 19. Qf4 Qb4 20. Ne4 Be8 21. g6 {1-0 (21) Domancich,E (2428)-Berti,H (2231) ICCF email 2009}) 17. Bxe7+ Kxe7 18. Qg3 Nxe5 (18... h5 $14) 19. Qxg7 {Threatens to win with Rhf1.} Rg8 20. Qxh6 Nxd3 21. Rxd3 {Strongly threatening Rf1.} Qe5 $2 {[%mdl 8192] [#]} (21... Bc6 $16 {is more resistant.}) 22. Qd2 (22. Nd5+ $142 $1 {[%mdl 512]} exd5 23. Re3) 22... Bc6 $18 23. Re1 Qh2 (23... Qc5 {might work better.} 24. Qf4 Rxg2) 24. Nd5+ Bxd5 25. Rxd5 Rxg2 $2 (25... Qc7 26. h5 Rg4) 26. Qb4+ Ke8 27. Rh5 Rg8 28. Qb5+ Kf8 {[#]} 29. Qc5+ $1 {White mates.} Ke8 30. Rh7 Qh3 31. Qb5+ {Precision: White = 82%, Black = 25%.} 1-0

[Event "RUS-chT Premier League 2018"]
[Site "Sochi"]
[Date "2018.05.09"]
[Round "8"]
[White "Lobanov, Sergei"]
[Black "Yuffa, Daniil"]
[Result "1-0"]
[WhiteElo "2515"]
[BlackElo "2566"]
[Annotator "TA"]
[PlyCount "87"]
[EventDate "2018.??.??"]
[EventCountry "RUS"]
[SourceTitle "playchess.com"]
[Source "ChessBase"]
[SourceQuality "1"]

{[%evp 19,87,48,49,51,64,45,45,31,37,22,20,21,39,38,31,41,74,38,97,91,85,84,95,97,115,64,62,59,116,88,107,78,106,117,103,74,70,70,76,75,77,61,156,156,171,177,295,295,288,288,276,278,922,918,842,781,727,0,630,659,659,656,646,635,594,588,566,496,644,645]} 1. e4 Nf6 2. e5 Nd5 3. d4 d6 4. Nf3 dxe5 5. Nxe5 c6 6. Be2 Bf5 {B04: Alekhine's Defence: 4 Nf3} 7. O-O Nd7 8. Nf3 e6 9. c4 N5f6 10. Nh4 Bg6 {LiveBook: 5 Games} 11. Nc3 Bd6 12. g3 O-O 13. Nxg6 hxg6 14. Bg5 {[#]} e5 $146 15. d5 {aiming for dxc6.} cxd5 16. Nxd5 Nb6 17. Bf3 Re8 18. Qd3 Nbxd5 (18... Be7 $14 19. Nxe7+ Qxe7) 19. Bxd5 $16 (19. cxd5 $6 Rc8 $11) 19... Bc5 20. Rae1 Qb6 21. Bxf6 $1 Qxf6 22. Re3 (22. Bxb7 $6 Rab8 $11) (22. Kg2 $16) 22... Re7 (22... Bxe3 $6 23. fxe3 Qg5 24. Bxf7+ (24. Rxf7 Kh7 $16) 24... Kh7 25. Bxe8 $18) 23. Rf3 Qb6 ({Better is} 23... e4 $14 24. Qxe4 (24. Bxe4 Qxb2 25. Rb1 Qd4 $14) 24... Rxe4 25. Rxf6 gxf6 26. Bxe4 f5) 24. Qe4 Rd8 25. Rd1 Bd4 26. b3 Rd6 27. Rdd3 Red7 28. g4 Qd8 29. Kg2 b6 30. h4 Rxd5 ({Not} 30... Qxh4 $2 31. Rxd4 exd4 32. Qe8+ Kh7 33. Rh3 $18) (30... Kf8 $14) 31. cxd5 Rxd5 {[#]} 32. h5 $1 {[%cal Rh5g6]} Rd6 (32... gxh5 $142 33. gxh5 Rd7) 33. hxg6 $18 Rxg6 {[#]} 34. Qxe5 $3 {[%mdl 512]} Rxg4+ (34... Bxe5 35. Rxd8+) 35. Kf1 Qd7 $2 (35... Bxe5 36. Rxd8+ Kh7 37. Rxf7 a5) 36. Qb8+ Kh7 37. Qh2+ Kg8 38. Qb8+ Kh7 {and the idea ...Qc6 leaves Black hopeful.} 39. Rh3+ {White is clearly winning.} Kg6 40. Rhg3 Kh7 41. Rxg4 Qxg4 42. Qh2+ Kg8 43. f3 Qf5 44. Rxd4 {Precision: White = 69%, Black = 48%.} 1-0

[Event "RUS-chT Premier League 2018"]
[Site "Sochi"]
[Date "2018.05.09"]
[Round "8"]
[White "Chernobay, Artem"]
[Black "Frolov, Ivan"]
[Result "1-0"]
[WhiteElo "2510"]
[BlackElo "2243"]
[Annotator "TA"]
[PlyCount "59"]
[EventDate "2018.??.??"]
[EventCountry "RUS"]
[SourceTitle "playchess.com"]
[Source "ChessBase"]
[SourceQuality "1"]

{[%evp 15,59,-12,0,-7,1,-13,-2,0,0,0,0,0,-10,-23,0,0,0,-17,0,-7,-10,0,0,0,39,46,37,25,29,26,21,42,75,31,206,220,229,215,348,363,363,349,29982,410,29983,29984]} 1. e4 e5 2. Nf3 Nc6 3. d4 exd4 4. Nxd4 Nf6 5. Nxc6 bxc6 6. e5 Qe7 7. Qe2 Nd5 8. h4 f6 {LiveBook: 12 Games. C45: Scotch Game} (8... Bb7 9. c4 Nb6 10. Rh3 Qe6 11. f4 O-O-O 12. a4 d5 13. a5 Nxc4 14. b3 Bb4+ 15. Kf2 Nxa5 16. Bd2 {½-½ (73) Nakamura,H (2781)-Carlsen,M (2837) London 2017}) 9. exf6 Nxf6 10. Nd2 d5 {The position is equal.} 11. Nb3 $146 ({Predecessor:} 11. h5 h6 12. f3 c5 13. c4 c6 14. Nb3 Qxe2+ 15. Bxe2 Bd6 16. Bd2 {½-½ (28) Susedik,I (2191)-Vrana,L (2117) Slovakia 2003}) 11... Qxe2+ 12. Bxe2 Bd6 13. Be3 O-O 14. O-O Bg4 15. Ba6 Rab8 16. Rfb1 Bf5 17. Bd3 Bxd3 18. cxd3 Nd7 19. d4 Bf4 20. Bxf4 Rxf4 21. Rc1 a5 {[%cal Ba7a5,Ba5a4][%mdl 32]} 22. Rxc6 a4 23. Rxc7 Nf8 24. g3 Re4 $2 (24... Rf6 $1 $14) 25. Nc5 $18 Rxd4 {[#]} 26. Re1 $1 Rd8 (26... Rd2 {was called for.} 27. Nxa4 Ra8) 27. Ree7 Rd1+ 28. Kg2 d4 $2 (28... g6 $18 29. Nxa4 d4) 29. Rxg7+ Kh8 30. Ne4 {Precision: White = 77%, Black = 37%.} 1-0

[Event "RUS-chT Premier League 2018"]
[Site "Sochi"]
[Date "2018.05.09"]
[Round "8"]
[White "Hasangatin, Ramil"]
[Black "Grachev, Boris"]
[Result "1/2-1/2"]
[WhiteElo "2502"]
[BlackElo "2647"]
[Annotator "TA"]
[PlyCount "80"]
[EventDate "2018.??.??"]
[EventCountry "RUS"]
[SourceTitle "playchess.com"]
[Source "ChessBase"]
[SourceQuality "1"]

{[%evp 28,80,14,6,10,6,8,10,19,10,16,0,0,0,0,0,0,0,6,0,0,0,0,0,0,0,0,0,0,0,0,0,0,0,0,0,0,0,0,0,0,0,0,0,0,0,0,0,0,0,0,-1,0,-3,0]} 1. e4 c5 2. Nf3 Nc6 3. Bb5 g6 4. Bxc6 bxc6 5. O-O Bg7 6. Re1 Nf6 {[%cal Bg8f6,Bf6d5,Bd5c7,Bc7e6][%mdl 32]} 7. e5 Nd5 8. c4 Nc7 9. d4 cxd4 10. Qxd4 Ne6 11. Qh4 {B31: Sicilian: 2...Nc6 3 Bb5 g6} d6 12. Nc3 dxe5 13. Nxe5 Qd6 14. Nf3 Bf6 (14... h5 15. Bd2 O-O 16. Ne4 Qc7 17. Bc3 f6 18. Qg3 Qxg3 19. hxg3 Rd8 {½-½ (56) Anand,V (2783)-Kasparov,G (2812) Saint Louis 2017}) 15. Ne4 {LiveBook: 3 Games. The position is equal.} Bxh4 16. Nxd6+ exd6 17. Nxh4 f6 18. Nf3 {With the idea Nd4.} Kf7 $146 19. Rd1 (19. Be3 {seems wilder.} c5 20. Nd2 Bb7 21. Nb1 d5 22. cxd5 Bxd5 23. Nc3) 19... Rd8 20. Nd4 Nxd4 21. Rxd4 c5 22. Rd1 Be6 23. b3 d5 24. cxd5 Bxd5 25. Be3 c4 26. bxc4 Bxc4 27. Rxd8 Rxd8 28. Bxa7 $11 {[%mdl 4096] Endgame KRB-KRB} Ra8 29. Be3 Rxa2 30. Rxa2 Bxa2 {KB-KB} 31. Bd2 Bd5 32. Bc1 Bc6 33. Bd2 Bd5 34. Bc1 Bb7 35. Ba3 h5 36. h4 g5 37. hxg5 fxg5 38. Bc1 Kg6 39. Bd2 Bc6 40. Bc1 Bb7 {Precision: White = 81%, Black = 79%.} 1/2-1/2

[Event "RUS-chT Premier League 2018"]
[Site "Sochi"]
[Date "2018.05.09"]
[Round "8"]
[White "Golubov, Saveliy"]
[Black "Pershin, Denis"]
[Result "1-0"]
[WhiteElo "2491"]
[BlackElo "2392"]
[Annotator "TA"]
[PlyCount "69"]
[EventDate "2018.??.??"]
[EventCountry "RUS"]
[SourceTitle "playchess.com"]
[Source "ChessBase"]
[SourceQuality "1"]

{[%evp 13,69,7,29,-8,0,3,0,-22,-20,-28,-36,-36,-42,-46,-32,-45,0,0,148,155,208,210,198,206,187,184,338,270,231,261,297,297,339,285,273,198,212,203,205,200,197,202,235,221,616,618,654,648,642,605,430,417,752,720,1113,1087,1054,1041]} 1. d4 d5 2. c4 c6 3. cxd5 cxd5 4. Nc3 Nf6 5. Bf4 Nc6 6. e3 Bg4 7. Nf3 Bxf3 {LiveBook: 4 Games. D13: Slav Defence: Exchange variation without ...Bf5} (7... a6 8. Be2 e6 9. O-O Bd6 10. Bxd6 Qxd6 11. Ne1 Bxe2 12. Qxe2 O-O 13. Nd3 Nd7 14. Rac1 Rfc8 15. Rc2 Rc7 16. Rfc1 Rac8 17. Qd1 b6 18. Ne2 Na5 19. Rxc7 Rxc7 {½-½ (41) Kamsky,G (2676)-Dreev,A (2652) Bastia 2017}) 8. gxf3 e6 {[%cal Be7e6,Be6e5][%mdl 32]} 9. Qb3 Qd7 {The position is equal.} 10. a3 $146 ({Predecessor:} 10. Bb5 Nh5 11. Be5 a6 12. Be2 {½-½ (36) Orlov,P (2390)-Semenov,A (2325) Tivat 1995}) 10... Be7 11. Na4 O-O 12. Nc5 Bxc5 $1 13. dxc5 e5 14. Bg5 Qf5 (14... Ne8 {keeps more tension.} 15. Bh4 Nc7 16. Rg1 g6 17. Qc2 Rab8) 15. Bxf6 Qxf3 (15... Qxf6 $11 16. Qxd5 e4) 16. Bxg7 $1 $16 ({Don't go for} 16. Qxb7 $2 Nd4 $19) 16... Qxh1 (16... Kxg7 $16 {is a better defense.} 17. Rg1+ Kh8) 17. Bxf8 $18 Rxf8 18. Qxb7 d4 19. O-O-O {Black must now prevent Bb5.} Rb8 $2 {[#]} (19... Qd5) 20. Qxf7+ $1 {[%mdl 512]} Kxf7 21. Bc4+ Kf6 22. Rxh1 {[%mdl 4096] Endgame KRB-KRN} a5 23. Rd1 Kf5 24. Bd5 Ne7 25. Bg2 dxe3 26. fxe3 {Threatens to win with Rd7.} Rb5 27. Rf1+ Kg4 28. Rf7 Nd5 $2 (28... Rxc5+ 29. Kd2 Nf5 30. Rxh7 Rc8 31. Bh3+ Kg5) 29. c6 {[%cal Bc5c6,Bc6c7][%mdl 32]} ({Weaker is} 29. Bxd5 Rxc5+ 30. Kd2 Rxd5+ 31. Kc3 a4 $16) 29... Nxe3 {Black wants to play ...Rc5+.} 30. Bf3+ Kg5 31. c7 Rc5+ 32. Kb1 Nf5 {[#]} (32... Nc4 $142 33. Rd7 Nb6 34. Rxh7 Kf4 35. Rf7+ Kg5) 33. h4+ $1 {[%mdl 512] White is clearly winning.} Kg6 (33... Nxh4 34. Bb7) 34. Rd7 Kf6 35. Bb7 {Precision: White = 71%, Black = 24%.} 1-0

[Event "RUS-chT Premier League 2018"]
[Site "Sochi"]
[Date "2018.05.09"]
[Round "8"]
[White "Khanin, Semen"]
[Black "Alekseenko, Kirill"]
[Result "0-1"]
[WhiteElo "2477"]
[BlackElo "2625"]
[Annotator "TA"]
[PlyCount "64"]
[EventDate "2018.??.??"]
[EventCountry "RUS"]
[SourceTitle "playchess.com"]
[Source "ChessBase"]
[SourceQuality "1"]

{[%evp 19,64,20,33,19,37,0,4,11,35,-43,-29,-22,-35,-93,-11,-8,10,-8,0,-102,-115,-156,-89,-231,-220,-370,-367,-351,-318,-313,-276,-282,-286,-412,-414,-431,-423,-410,-409,-405,-421,-417,-407,-700,-639,-833,-825]} 1. e4 e5 2. Nf3 Nc6 3. Bb5 a6 4. Ba4 g6 5. c3 Bg7 (5... d6 6. d4 Bd7 7. O-O Bg7 8. Re1 Nf6 9. h3 O-O 10. Bc2 Re8 11. Nbd2 b6 12. Nf1 h6 13. Ng3 Qe7 14. Be3 Qf8 15. Qd2 Rad8 16. Rad1 Na7 {0-1 (42) Hou,Y (2652)-Caruana,F (2802) chess.com INT 2017}) 6. d4 {C70: Ruy Lopez: 3...a6 4 Ba4, Norwegian and Delayed Schliemann} exd4 7. cxd4 b5 8. Bc2 d6 9. d5 Na5 10. O-O Ne7 {LiveBook: 23 Games} 11. Nc3 O-O 12. Nd4 Bb7 13. Rb1 Rc8 $146 ({Predecessor:} 13... c5 14. dxc6 Naxc6 15. Nxc6 Nxc6 16. Be3 {½-½ (54) Brodsky,M (2545)-Murey,J (2440) Rishon Le Ziyyon 1998}) 14. Bf4 (14. f4 $14) 14... Re8 $15 15. Re1 Nc4 16. Qd3 (16. Bb3 $15) 16... c5 (16... c6 $17 {[%cal Rc6d5]} 17. dxc6 Nxc6 18. Nxc6 Rxc6) 17. Nde2 $11 Qa5 18. a3 f5 19. b4 (19. h4 $1 $11 {was the only way to keep the balance.}) 19... Qc7 $17 20. exf5 Nxf5 (20... Nxa3 $142 21. f6 cxb4 22. Rxb4 Nxc2 23. Qxc2 Nxd5) 21. bxc5 (21. Qh3 $17) 21... Qxc5 $19 22. Rbc1 (22. Qh3 {was worth a try.}) 22... Nxa3 23. Ne4 Rxe4 ({Less strong is} 23... Nxc2 24. Nxc5 Nxe1 25. Rxe1 $15) 24. Qxe4 Nxc2 25. Qe6+ Kh8 {Strongly threatening ...b4.} 26. Rxc2 (26. Red1 $142 Bb2 27. Bg5) 26... Qxc2 27. Rc1 Nd4 28. Rxc2 Nxe6 29. Rxc8+ Bxc8 30. dxe6 Bxe6 31. Bxd6 (31. Bd2 $142) 31... a5 32. Bc7 Bc4 {Precision: White = 26%, Black = 67%.} 0-1

[Event "RUS-chT Premier League 2018"]
[Site "Sochi"]
[Date "2018.05.09"]
[Round "8"]
[White "Shinkevich, Vitaly"]
[Black "Tomashevsky, Evgeny"]
[Result "0-1"]
[WhiteElo "2433"]
[BlackElo "2714"]
[Annotator "TA"]
[PlyCount "100"]
[EventDate "2018.??.??"]
[EventCountry "RUS"]
[SourceTitle "playchess.com"]
[Source "ChessBase"]
[SourceQuality "1"]

{[%evp 19,100,-15,-21,-27,-19,-18,-20,-18,-29,-29,-21,-19,-14,-29,-29,-24,0,-14,-13,-14,0,0,0,0,0,0,0,0,0,0,0,-3,0,0,0,0,0,0,0,-12,-12,-11,-11,-11,-10,-11,-11,-11,-9,-9,-9,-11,-12,-24,-20,-20,-16,-77,-62,-99,-94,-241,-253,-241,-241,-241,-241,-423,-423,-534,-518,-1339,-5302,-714,-817,-691,-603,-1556,-945,-5177,-4349,-29978,-29979]} 1. c4 Nf6 2. Nc3 e5 3. Nf3 Nc6 4. d3 d5 5. cxd5 Nxd5 6. e4 Nf6 {A28: English Opening: Four Knights Variation} 7. Be2 (7. h3 Bc5 8. Be2 Be6 9. O-O Qe7 10. Na4 Bd4 11. Be3 Rd8 12. Qc1 Qb4 13. Qc2 O-O 14. a3 {½-½ (50) Alekseev,E (2700)-Caruana,F (2680) Dagomys 2010}) 7... Bc5 8. O-O O-O 9. h3 Re8 10. Be3 Nd4 {LiveBook: 6 Games} 11. Rc1 c6 $146 ({Predecessor:} 11... b6 12. Bxd4 exd4 13. Nb1 Nh5 14. Nbd2 {0-1 (33) Krysa,L (2423)-Rodriguez Vila,A (2532) Moron 2012}) 12. Na4 Nxf3+ 13. Bxf3 Bd4 14. Qd2 Qd6 15. b4 h6 16. Bxd4 Qxd4 17. Nc5 Re7 (17... Nh7 {looks sharper.} 18. h4 Qd8 19. g3 a5 20. bxa5 Rxa5 21. Rfd1 Nf6) 18. Qc3 (18. Rfd1 {seems wilder.} Nh7 19. Be2 Ng5 20. a3 Re8 21. Nb3) 18... Qxc3 19. Rxc3 b6 20. Nb3 Ba6 21. Rd1 Bb5 22. d4 Rae8 23. dxe5 Rxe5 24. Nd4 Ba4 25. Rdc1 c5 26. bxc5 {Hoping for c6.} Nxe4 27. Bxe4 Rxe4 28. Nb3 Kf8 29. Rc4 Bd7 30. f3 Rxc4 31. Rxc4 $11 {[%mdl 4096] Endgame KRB-KRN} Rc8 32. Rd4 Ke7 33. cxb6 axb6 34. Rb4 b5 35. Re4+ Kd8 36. Kf2 Ra8 37. Re2 Kc7 38. Kg3 {[#]} (38. Nd4 $11) 38... Be6 $1 $17 39. Nd4 {[#]} Bc4 $1 {[%cal Rc4e2]} 40. Nxb5+ (40. Rb2 $17 {might work better.}) 40... Kb6 $19 41. Nc3 Bxe2 42. Nxe2 Rxa2 {KR-KN} 43. Nf4 $2 (43. Kf2 {was necessary.}) 43... Kc5 44. h4 Kd4 45. Nh3 (45. Nh5 $142 g6 46. Nf6) 45... Ke3 46. Nf4 Ra5 47. Nh3 Ke2 48. Kh2 Kf1 49. Nf4 Ra4 50. Kg3 {[#]} Rxf4 $1 {[%mdl 512] Precision: White = 41%, Black = 87%.} 0-1

[Event "RUS-chT Premier League 2018"]
[Site "Sochi"]
[Date "2018.05.09"]
[Round "8"]
[White "Drygalov, Andrey"]
[Black "Kobalia, Mikhail"]
[Result "1/2-1/2"]
[WhiteElo "2431"]
[BlackElo "2601"]
[Annotator "TA"]
[PlyCount "86"]
[EventDate "2018.??.??"]
[EventCountry "RUS"]
[SourceTitle "playchess.com"]
[Source "ChessBase"]
[SourceQuality "1"]

{[%evp 33,86,13,14,0,7,0,0,0,0,0,2,5,0,0,0,0,34,0,0,-17,-17,-16,0,-13,-11,-15,-10,-27,-33,-33,-33,-33,-34,-34,-37,-33,-33,-33,-33,-33,-33,-72,-72,-72,-72,-72,-72,-72,-72,-72,-67,-72,-41,-41,-41]} 1. e4 c5 2. Nf3 d6 3. d4 cxd4 4. Nxd4 Nf6 5. Nc3 a6 6. Be3 e5 7. Nb3 Be7 8. f3 Be6 9. Qd2 O-O 10. O-O-O Nbd7 11. g4 {[%cal Bg2g4,Bg4g5][%mdl 32]} b5 12. g5 Nh5 13. Nd5 Bxd5 {B90: Sicilian Najdorf: Unusual White 6th moves, 6 Be3 Ng4 and 6 Be3 e5} 14. exd5 f5 15. gxf6 Bxf6 16. Na5 (16. Kb1 Nf4 17. Rg1 Kh8 18. Bd3 Bg5 19. Na5 Bh6 20. Nc6 Qh4 21. Qb4 {½-½ (49) Caruana,F (2784)-Mamedyarov,S (2809) Berlin 2018}) 16... Nf4 17. Nc6 Qc7 {LiveBook: 27 Games} 18. c4 Nb8 19. Qa5 Qb7 20. cxb5 axb5 21. Qxb5 Qxb5 22. Bxb5 {White wants to play a4.} Rxa2 {[#]} 23. Kb1 $146 Ra8 24. Rd2 Nd7 25. Rc1 (25. Na7 $5 {[%cal Rb5d7]} Rfd8 26. Rc2 $11) 25... Bg5 26. Ne7+ Bxe7 27. Bxd7 Bg5 28. Rc3 Rab8 29. Rdc2 h6 30. Rc8 (30. Bg4 {looks sharper.} Kh7 31. Rc6 Be7 32. Bxf4 Rxf4 33. h4) 30... Rfxc8 31. Rxc8+ Rxc8 32. Bxc8 Kf7 33. Bxf4 Bxf4 $15 {[%mdl 4096] Endgame KB-KB} 34. h3 Kf6 35. Kc2 Kg5 36. Kd3 Bc1 37. Ke4 Bxb2 38. Bd7 Bc1 39. Bc8 Kh4 40. Bd7 Kg3 41. Be6 h5 42. Bd7 g5 43. Bc8 Kh2 {Precision: White = 38%, Black = 70%.} 1/2-1/2

[Event "RUS-chT Premier League 2018"]
[Site "Sochi"]
[Date "2018.05.09"]
[Round "8"]
[White "Drygalov, Sergey"]
[Black "Triapishko, Alexandr"]
[Result "1/2-1/2"]
[WhiteElo "2418"]
[BlackElo "2510"]
[Annotator "TA"]
[PlyCount "108"]
[EventDate "2018.??.??"]
[EventCountry "RUS"]
[SourceTitle "playchess.com"]
[Source "ChessBase"]
[SourceQuality "1"]

{[%evp 18,108,26,13,12,17,20,18,20,8,11,16,16,13,18,20,32,31,35,32,33,36,40,45,44,45,67,62,62,50,87,64,66,29,57,29,29,11,18,4,13,8,39,10,47,4,7,0,0,0,0,0,0,0,0,0,0,0,0,0,0,0,0,-19,0,-3,0,0,0,0,0,0,0,0,6,0,0,0,0,0,0,0,0,0,0,0,0,0,0,8,3,7,47]} 1. d4 Nf6 2. Nf3 g6 3. c4 Bg7 4. g3 b6 5. Bg2 Bb7 6. O-O O-O 7. Qc2 e6 {A50: Queen's Fianchetto Defence (1 d4 Nf6 2 c4 b6)} (7... c5 8. d5 b5 9. e4 bxc4 10. Rd1 d6 11. Na3 Nbd7 12. Nxc4 Ng4 13. Bd2 Ba6 14. Rab1 Nge5 15. Nfxe5 Nxe5 16. Nxe5 Bxe5 {½-½ (42) Mamedyarov,S (2799)-Artemiev,V (2691) Riadh 2017}) 8. Nc3 d5 9. cxd5 exd5 10. Bf4 {LiveBook: 15 Games} c6 11. Rfe1 Na6 12. Rad1 Re8 $146 ({Predecessor:} 12... Nc7 13. e4 dxe4 14. Nxe4 Nxe4 15. Rxe4 {0-1 (43) Maccapan,F (2165)-Hauser,D (2223) ICCF email 2011}) 13. Qc1 Nc7 14. Be5 Ne6 15. Ng5 Nxg5 16. Qxg5 Nd7 17. Qxd8 Raxd8 18. Bxg7 Kxg7 19. e3 Ba6 20. Rd2 Nf6 21. Rc1 Kf8 22. Nd1 Bb7 23. Rdc2 Ke7 24. b3 Kd6 25. Nb2 Nd7 26. Nd3 Rc8 27. Bh3 Rc7 28. Rc3 f6 29. Nf4 Nf8 30. Bf1 Rec8 31. Be2 c5 {The position is equal.} 32. dxc5+ Rxc5 33. Rxc5 Rxc5 34. Rd1 Ne6 35. Nxe6 Kxe6 $11 {[%mdl 4096] Endgame KRB-KRB} 36. Bd3 Ra5 37. Rd2 Rc5 38. Rd1 Ra5 39. Rd2 Rc5 40. Bc2 Ba6 41. f3 Ra5 42. Kf2 f5 43. Bd1 Rc5 44. Ke1 Rc1 45. Rd4 b5 46. b4 Ra1 47. Rd2 d4 48. Kf2 Bb7 49. Bb3+ Bd5 50. Bxd5+ Kxd5 51. Rxd4+ Ke6 52. Rd2 Rb1 53. a3 Rb3 54. Ra2 g5 {Precision: White = 55%, Black = 62%.} 1/2-1/2